[Event "EU-ch rapid"]
[Site "Tallinn"]
[Date "2016.12.15"]
[Round "2"]
[White "Grandelius, Nils"]
[Black "Peleshev, Leonid"]
[Result "1-0"]
[WhiteElo "2643"]
[BlackElo "2269"]
[PlyCount "65"]
[EventDate "2016.12.15"]
[EventType "swiss (rapid)"]
[EventRounds "11"]
[EventCountry "EST"]
[SourceTitle "CBM 176 Extra"]
[Source "ChessBase"]
[SourceDate "2017.03.02"]
[SourceVersion "1"]
[SourceVersionDate "2017.03.02"]
[SourceQuality "1"]

1. e4 e5 2. Nf3 Nc6 3. Nc3 Nf6 4. Bb5 Bb4 5. 0-0 0-0 6. d4 Bxc3 7. bxc3 Nxe4 8. Bd3 d5 9. Nxe5 Qh4 10. Nxc6 bxc6 11. Qe1 Nd6 12. f3 Qxe1 13. Rxe1 Be6 14. Rb1 Rab8 15. Rb3 Rxb3 16. axb3 h6 17. Bd2 a5 18. Ra1 Ra8 19. Ra4 Nb7 20. Bf4 Bd7 21. Bxc7 c5 22. Ra3 c4 23. bxc4 dxc4 24. Be4 Rc8 25. Bxa5 Nxa5 26. Rxa5 Kf8 27. Kf2 Ke7 28. Ra7 Kd6 29. Rxd7+ Kxd7 30. Bf5+ Kc7 31. Bxc8 Kxc8 32. Ke3 Kc7 33. d5 1-0

[Event "Baltija Cup"]
[Site "Palanga"]
[Date "2010.06.23"]
[Round "7"]
[White "Peleshev, Leonid"]
[Black "Lovik, Lasse Ostebo"]
[Result "1-0"]
[WhiteElo "2282"]
[BlackElo "2322"]
[PlyCount "113"]
[EventDate "2010.06.20"]
[EventType "tourn"]
[EventRounds "9"]
[EventCountry "LTU"]
[SourceTitle "EXT 2013"]
[Source "ChessBase"]
[SourceDate "2012.11.22"]
[SourceVersion "1"]
[SourceVersionDate "2012.11.22"]
[SourceQuality "1"]

1. e4 e5 2. Nf3 Nc6 3. Nc3 g6 4. d4 exd4 5. Nxd4 Bg7 6. Be3 Nge7 7. Qd2 0-0 8. 0-0-0 d5 9. exd5 Nxd5 10. Nxc6 bxc6 11. Bd4 Bxd4 12. Qxd4 Qg5+ 13. Qd2 Qf6 14. Qd4 Qe7 15. g3 Rb8 16. a3 Be6 17. Bg2 Rfd8 18. Ne4 Bf5 19. Rhe1 h5 20. Qc5 Qxc5 21. Nxc5 Rb5 22. b4 Rdb8 23. c4 Rxc5 24. Bxd5 cxd5 25. bxc5 dxc4 26. Re3 Kg7 27. Rd4 Rb1+ 28. Kd2 Rb2+ 29. Kc3 Rxf2 30. Kxc4 c6 31. Rd6 Rc2+ 32. Rc3 Be6+ 33. Kd4 Rxh2 34. Rxc6 h4 35. gxh4 Rxh4+ 36. Ke5 Rh5+ 37. Kd6 Rd5+ 38. Ke7 Bf5 39. Rd6 Re5+ 40. Kd8 Kf8 41. c6 Re7 42. Rd7 Re8+ 43. Kc7 Re5 44. Rd8+ Ke7 45. Ra8 Ra5 46. Kb7 Kd6 47. Rd8+ Ke7 48. Rd4 Ke6 49. c7 Ke5 50. Rb4 g5 51. a4 g4 52. Rb5+ Rxb5+ 53. axb5 Kf4 54. Kxa7 g3 55. b6 g2 56. Rc1 Kg3 57. b7 1-0

[Event "Baltija Cup"]
[Site "Palanga"]
[Date "2010.06.20"]
[Round "1"]
[White "Kaunas, Kestutis"]
[Black "Peleshev, Leonid"]
[Result "1-0"]
[WhiteElo "2258"]
[BlackElo "2282"]
[PlyCount "119"]
[EventDate "2010.06.20"]
[EventType "tourn"]
[EventRounds "9"]
[EventCountry "LTU"]
[SourceTitle "EXT 2013"]
[Source "ChessBase"]
[SourceDate "2012.11.22"]
[SourceVersion "1"]
[SourceVersionDate "2012.11.22"]
[SourceQuality "1"]

1. d4 Nf6 2. c4 e6 3. Nf3 Bb4+ 4. Bd2 Qe7 5. Nc3 Bxc3 6. Bxc3 Ne4 7. Rc1 0-0 8. g3 d6 9. Bg2 Nxc3 10. Rxc3 Nd7 11. 0-0 a5 12. Qc2 Re8 13. c5 c6 14. cxd6 Qxd6 15. Rd1 h6 16. Rcd3 Nf6 17. Ne5 Bd7 18. Qc5 Qc7 19. Nc4 Nd5 20. e4 Nb4 21. Ra3 b5 22. Qb6 Qa7 23. Qxa7 Rxa7 24. Rxa5 Rxa5 25. Nxa5 Ra8 26. Nb3 Rxa2 27. Rd2 Kf8 28. f4 Ke7 29. Kf1 f6 30. Ke2 g5 31. Ke3 Ra7 32. Bf3 Ra2 33. h4 gxh4 34. gxh4 Be8 35. Rg2 Bf7 36. e5 f5 37. Nc5 Ra1 38. Nd3 Nxd3 39. Kxd3 Rh1 40. Bxc6 Rxh4 41. Rf2 Be8 42. Bxe8 Kxe8 43. d5 exd5 44. Kd4 Rh3 45. Kxd5 Ke7 46. b4 Rc3 47. Ra2 Rd3+ 48. Kc5 Rc3+ 49. Kxb5 Rf3 50. Ra7+ Ke6 51. Ra6+ Kd5 52. Rd6+ Ke4 53. e6 Kxf4 54. Rd4+ Kg5 55. Kc6 Re3 56. Kd7 f4 57. e7 f3 58. e8Q Rxe8 59. Kxe8 f2 60. Rd1 1-0

[Event "LAT-EST m"]
[Site "Riga"]
[Date "2002.08.31"]
[Round "?"]
[White "Starostits, Andris"]
[Black "Peleshev, Leonid"]
[Result "1-0"]
[WhiteElo "2206"]
[BlackElo "2300"]
[PlyCount "90"]
[EventDate "2002.08.31"]
[EventType "team"]
[EventRounds "1"]
[EventCountry "LAT"]
[SourceTitle "CBM 090 Extra"]
[Source "ChessBase"]
[SourceDate "2002.11.07"]
[SourceVersion "1"]
[SourceVersionDate "2002.11.07"]
[SourceQuality "1"]

1. d4 Nf6 2. c4 e6 3. Nf3 Bb4+ 4. Bd2 Qe7 5. g3 Nc6 6. Bg2 Bxd2+ 7. Nbxd2 a5 8. 0-0 d6 9. e4 e5 10. d5 Nb8 11. c5 0-0 12. cxd6 cxd6 13. Re1 Nbd7 14. Qc2 Nc5 15. Rac1 b5 16. Bf1 Bd7 17. Nb3 Rfc8 18. Nxc5 Rxc5 19. Qd2 Rxc1 20. Qxc1 Qd8 21. Qe3 Ng4 22. Qd2 Nf6 23. Bd3 Rc8 24. Rc1 h6 25. Kg2 Rxc1 26. Qxc1 Qb6 27. Qc2 Ne8 28. Nd2 Qc5 29. Nb3 Qb4 30. a3 Qa4 31. Qc3 b4 32. axb4 axb4 33. Qc2 Qa7 34. Nd2 Qd4 35. Nf3 Qb6 36. Nd2 Qd4 37. Nc4 g6 38. Ne3 Kg7 39. b3 h5 40. Qc4 Qxc4 41. Bxc4 f5 42. Nc2 fxe4 43. Nxb4 Bg4 44. Nc2 Bf3+ 45. Kf1 Nf6 1-0

[Event "Keres Memorial op"]
[Site "Tallinn"]
[Date "1998.06.22"]
[Round "9"]
[White "Peleshev, Leonid"]
[Black "Agopov, Mikael"]
[Result "0-1"]
[WhiteElo "2320"]
[BlackElo "2330"]
[PlyCount "112"]
[EventDate "1998.06.??"]
[EventType "swiss"]
[EventRounds "9"]
[EventCountry "EST"]
[SourceTitle "EXT 1999"]
[Source "ChessBase"]
[SourceDate "1998.11.16"]
[SourceVersion "1"]
[SourceVersionDate "1998.11.16"]
[SourceQuality "1"]

1. e4 c5 2. Nf3 Nc6 3. Bb5 e6 4. Bxc6 bxc6 5. b3 f6 6. 0-0 Nh6 7. d4 Nf7 8. Ba3 Qa5 9. c3 cxd4 10. Bxf8 Kxf8 11. Qxd4 e5 12. Qe3 g6 13. c4 d6 14. Nc3 Kg7 15. Rad1 Bg4 16. Rd2 Rad8 17. Rfd1 Qb6 18. h3 Qxe3 19. fxe3 Bc8 20. Na4 Kf8 21. c5 Ke7 22. Kf2 dxc5 23. Nxc5 Rxd2+ 24. Rxd2 Rd8 25. Ke2 Rxd2+ 26. Nxd2 Kd6 27. b4 Nd8 28. Kd3 Ne6 29. Ndb3 g5 30. a3 Nxc5+ 31. Nxc5 h5 32. Ke2 a5 33. Kf2 axb4 34. axb4 Kc7 35. Na4 Be6 36. Kg3 Bb3 37. Nc5 Bd1 38. Kf2 h4 39. Ke1 Bh5 40. Kd2 g4 41. hxg4 Bxg4 42. Nd3 Kb6 43. Nc1 Kb5 44. Kc3 Bd1 45. Kd2 Bh5 46. Kc3 Bg6 47. Kd3 Kxb4 48. Na2+ Kb3 49. Nc1+ Kb2 50. Ne2 Bf7 51. Nc3 Kb3 52. Nb1 Bc4+ 53. Kd2 Bf1 54. Ke1 Bxg2 55. Kf2 Kb2 56. Nd2 Kc2 0-1

[Event "Keres Memorial op"]
[Site "Tallinn"]
[Date "1998.06.18"]
[Round "5"]
[White "Peleshev, Leonid"]
[Black "Kiik, Kalle"]
[Result "1/2-1/2"]
[WhiteElo "2320"]
[BlackElo "2445"]
[PlyCount "75"]
[EventDate "1998.06.??"]
[EventType "swiss"]
[EventRounds "9"]
[EventCountry "EST"]
[SourceTitle "EXT 1999"]
[Source "ChessBase"]
[SourceDate "1998.11.16"]
[SourceVersion "1"]
[SourceVersionDate "1998.11.16"]
[SourceQuality "1"]

1. e4 c5 2. Nf3 e6 3. d4 cxd4 4. Nxd4 Nc6 5. Nc3 d6 6. Be3 Nf6 7. f4 e5 8. Nf3 Ng4 9. Qd2 Nxe3 10. Qxe3 exf4 11. Qxf4 Be7 12. Nd5 Be6 13. Nxe7 Qxe7 14. a3 0-0 15. 0-0-0 Rfd8 16. g4 Rac8 17. h4 Qc7 18. Rh2 Ne5 19. Nxe5 dxe5 20. Rxd8+ Rxd8 21. Qf3 Rd4 22. g5 Qd7 23. Bd3 Bg4 24. Qe3 g6 25. Rf2 a5 26. Rd2 Be6 27. c3 Qc7 28. Bb5 Rxd2 29. Kxd2 h6 30. Kc2 hxg5 31. hxg5 Qd8 32. a4 Kg7 33. Qg3 f6 34. Qh2 fxg5 35. Qxe5+ Qf6 36. Qc7+ Kh6 37. Qh2+ Kg7 38. Qc7+ 1/2-1/2

[Event "Keres Memorial op"]
[Site "Tallinn"]
[Date "1998.06.15"]
[Round "2"]
[White "Kveinys, Aloyzas"]
[Black "Peleshev, Leonid"]
[Result "1-0"]
[WhiteElo "2535"]
[BlackElo "2320"]
[PlyCount "68"]
[EventDate "1998.06.??"]
[EventType "swiss"]
[EventRounds "9"]
[EventCountry "EST"]
[SourceTitle "EXT 1999"]
[Source "ChessBase"]
[SourceDate "1998.11.16"]
[SourceVersion "1"]
[SourceVersionDate "1998.11.16"]
[SourceQuality "1"]

1. c4 e5 2. g3 Nf6 3. Bg2 c6 4. d4 exd4 5. Qxd4 d5 6. cxd5 cxd5 7. Nf3 Nc6 8. Qa4 Be7 9. 0-0 0-0 10. Be3 Ng4 11. Bf4 Bf6 12. Nc3 g5 13. Bd2 Be6 14. Rad1 h6 15. h3 Nge5 16. Nxe5 Bxe5 17. Nxd5 Bxd5 18. Bc3 Qf6 19. Bxe5 Qxe5 20. Bxd5 Qxe2 21. Bxc6 bxc6 22. Qxc6 Qxb2 23. Qxh6 Qg7 24. Qa6 f6 25. Rd6 Rf7 26. Rc1 Qf8 27. Rcc6 Kg7 28. Qa5 Rc8 29. Rxf6 Rxc6 30. Qxg5+ Kh7 31. Rxc6 Rxf2 32. Qh5+ Kg7 33. Rg6+ Kf7 34. Kxf2 Ke8+ 1-0

[Event "EST-chT"]
[Site "Tallinn"]
[Date "1998.??.??"]
[Round "6"]
[White "Karner, Hillar"]
[Black "Peleshev, Leonid"]
[Result "0-1"]
[WhiteElo "2320"]
[BlackElo "2320"]
[PlyCount "96"]
[EventDate "1998.??.??"]
[EventType "team"]
[EventRounds "10"]
[EventCountry "EST"]
[SourceTitle "EXT 1999"]
[Source "ChessBase"]
[SourceDate "1998.11.16"]
[SourceVersion "1"]
[SourceVersionDate "1998.11.16"]
[SourceQuality "1"]

1. d4 Nf6 2. Nf3 e6 3. c4 Bb4+ 4. Nbd2 b6 5. a3 Bxd2+ 6. Bxd2 Bb7 7. e3 d6 8. Be2 Ne4 9. 0-0 Nxd2 10. Nxd2 Nd7 11. Bf3 Bxf3 12. Qxf3 0-0 13. Rfd1 f5 14. Rac1 e5 15. b4 e4 16. Qf4 Rc8 17. f3 exf3 18. Qxf3 Qe7 19. Nf1 g6 20. c5 Nf6 21. cxd6 cxd6 22. Rc6 Rxc6 23. Qxc6 Qe6 24. Rc1 Nd5 25. Qc4 Re8 26. h3 Kg7 27. Qb3 Re7 28. Rc2 Qe4 29. g3 Kf6 30. b5 g5 31. Rc6 Re6 32. Rc8 Nxe3 33. Nxe3 Qxe3+ 34. Qxe3 Rxe3 35. Kf2 Rxa3 36. Rc7 f4 37. gxf4 gxf4 38. Rxh7 Kf5 39. h4 Ke4 40. h5 Kxd4 41. h6 Rh3 42. Kg2 Rh5 43. Kf3 Kc5 44. Kg4 Rh1 45. Kg5 f3 46. Rf7 Kxb5 47. h7 f2 48. Kg6 Rg1+ 0-1